[Event "DEM U12/U12w 2008"]
[Site "Willingen GER"]
[Date "2008.05.15"]
[Round "8"]
[White "Osmanodja, Filiz"]
[Black "Azizi, Nassim"]
[Result "1-0"]
[Termination "normal"]
[Board "3"]
[WhiteElo "1984"]
[BlackElo "1643"]
[PlyCount "41"]
[WhiteFideId "24633569"]
[BlackFideId "4608119"]
[EventCountry "GER"]
[EventRounds "11"]
[EventType "swiss"]
[EventDate "2008.05.10"]

1. e4 c5 2. Nf3 e6 3. d4 cxd4 4. Nxd4 Nf6 5. Nc3 Nc6 6. Nxc6 bxc6 7. Bd3 Bb4 8.
O-O Bxc3 9. bxc3 Qa5 10. c4 Nxe4 11. Qg4 Qe5 12. Bf4 Nxf2 13. Qg3 Qd4 14. Qxf2
Qxf2+ 15. Rxf2 f6 16. Bd6 Kf7 17. c5 a5 18. Rb1 Ba6 19. Bxa6 Rxa6 20. Rb7 Rd8
21. Rd2 1-0

[Event "DEM U12/U12w 2008"]
[Site "Willingen GER"]
[Date "2008.05.15"]
[Round "8"]
[White "Svane, Rasmus"]
[Black "Kyas, Philipp"]
[Result "1/2-1/2"]
[Termination "normal"]
[Board "4"]
[WhiteElo "1911"]
[BlackElo "1816"]
[PlyCount "90"]
[WhiteFideId "4657101"]
[BlackFideId "24670936"]
[EventCountry "GER"]
[EventRounds "11"]
[EventType "swiss"]
[EventDate "2008.05.10"]

1. e4 c6 2. d4 d5 3. exd5 cxd5 4. Bd3 Nc6 5. c3 Nf6 6. Bf4 Bg4 7. Qb3 Qc8 8.
Nd2 e6 9. Ngf3 Bh5 10. O-O Be7 11. Ne5 O-O 12. Rae1 Nxe5 13. Bxe5 Bg6 14. Bxg6
hxg6 15. Bxf6 Bxf6 16. Nf3 a6 17. a4 Qc6 18. Ne5 Bxe5 19. Rxe5 b5 20. a5 Qc4
21. Qa3 b4 22. Qa1 bxc3 23. bxc3 Rfc8 24. Re3 Rab8 25. h4 Rb5 26. Rh3 Qc7 27.
Qd1 Qxa5 28. h5 Rxc3 29. hxg6 Rxh3 30. gxf7+ Kxf7 31. gxh3 Qd8 32. Qh5+ Kg8 33.
Ra1 Rb6 34. Kh1 Qb8 35. Qg6 Qf8 36. Kg2 Qf7 37. Qg4 Qf5 38. Qh4 Qf6 39. Qh5 Qf7
40. Qg5 Qf6 41. Qh5 Qf5 42. Qh4 g5 43. Qh5 Qe4+ 44. Kh2 Qf4+ 45. Kg2 Qe4+
1/2-1/2

[Event "DEM U12/U12w 2008"]
[Site "Willingen GER"]
[Date "2008.05.15"]
[Round "8"]
[White "Xu, Xianliang"]
[Black "Falter, Lennart"]
[Result "1/2-1/2"]
[Termination "normal"]
[Board "5"]
[WhiteElo "1801"]
[BlackElo "1587"]
[PlyCount "165"]
[WhiteFideId "4603230"]
[BlackFideId "24692077"]
[EventCountry "GER"]
[EventRounds "11"]
[EventType "swiss"]
[EventDate "2008.05.10"]

1. d4 d5 2. c4 e6 3. Nf3 c5 4. cxd5 exd5 5. Nc3 Nc6 6. dxc5 d4 7. Na4 Bxc5 8.
Nxc5 Qa5+ 9. Bd2 Qxc5 10. g3 Nf6 11. Bg2 O-O 12. O-O Bf5 13. Rc1 Qb6 14. b3
Rad8 15. Nh4 Be4 16. Bg5 Bxg2 17. Bxf6 Bxf1 18. Bxd8 Bxe2 19. Bxb6 Bxd1 20. Bc5
Be2 21. Bxf8 Kxf8 22. Ng2 Ne5 23. f4 Nf3+ 24. Kf2 d3 25. h3 Nd4 26. Ne3 d2 27.
Rb1 Nb5 28. Rb2 d1=Q 29. Nxd1 Bxd1 30. Rd2 Nc3 31. Rd3 Ne4+ 32. Ke3 Bc2 33.
Rd8+ Ke7 34. Rc8 Bb1 35. Rc1 Bxa2 36. Kxe4 Bxb3 37. Ke5 f6+ 38. Kd4 Kd6 39. Rc8
g5 40. fxg5 fxg5 41. Rh8 Bc2 42. Rg8 Bg6 43. Rd8+ Ke6 44. Rb8 h5 45. Rxb7 Bf5
46. h4 gxh4 47. gxh4 Bg4 48. Rxa7 Kf5 49. Ke3 Ke5 50. Ra5+ Kf6 51. Kf4 Ke6 52.
Ra6+ Kf7 53. Kg5 Kg7 54. Ra7+ Kf8 55. Kg6 Be2 56. Ra8+ Ke7 57. Kg7 Bg4 58. Ra5
Ke6 59. Rg5 Bf3 60. Kg6 Bg4 61. Ra5 Bf3 62. Ra3 Bg4 63. Re3+ Kd6 64. Re8 Kd7
65. Re5 Kd6 66. Re3 Kd5 67. Kg5 Kd6 68. Kf6 Kd5 69. Re5+ Kd6 70. Re3 Kd5 71.
Rd3+ Ke4 72. Rd6 Kf3 73. Rd3+ Ke4 74. Ra3 Kd5 75. Kg5 Ke5 76. Re3+ Kd6 77. Re8
Kd7 78. Rh8 Ke6 79. Kg6 Ke7 80. Rh7+ Ke6 81. Rxh5 Bxh5+ 82. Kxh5 Kf5 83. Kh6
1/2-1/2

[Event "DEM U12/U12w 2008"]
[Site "Willingen GER"]
[Date "2008.05.15"]
[Round "8"]
[White "Peil, Christoph"]
[Black "Stahnecker, Ludwig"]
[Result "1-0"]
[Termination "normal"]
[Board "6"]
[WhiteElo "1680"]
[BlackElo "1694"]
[PlyCount "49"]
[WhiteFideId "24651800"]
[BlackFideId "24692026"]
[EventCountry "GER"]
[EventRounds "11"]
[EventType "swiss"]
[EventDate "2008.05.10"]

1. d4 Nf6 2. c4 e5 3. Nf3 exd4 4. Nxd4 Bb4+ 5. Bd2 Bxd2+ 6. Qxd2 O-O 7. g3 d6
8. Bg2 c6 9. Nc3 Qe7 10. O-O Be6 11. b3 Rd8 12. Rfd1 Qc7 13. Rac1 a6 14. Nd5
cxd5 15. cxd5 Qd7 16. dxe6 fxe6 17. Bh3 Re8 18. Qe3 Kf7 19. Qf3 Ra7 20. Qe3 Ra8
21. Nf3 Nc6 22. Ng5+ Kf8 23. Bxe6 Qe7 24. Qf4 h6 25. Nh7# 1-0

[Event "DEM U12/U12w 2008"]
[Site "Willingen GER"]
[Date "2008.05.15"]
[Round "8"]
[White "Nöttling, Dominik"]
[Black "Möhn, Hans"]
[Result "0-1"]
[Termination "normal"]
[Board "7"]
[WhiteElo "1728"]
[BlackElo "1825"]
[PlyCount "102"]
[WhiteFideId "24672807"]
[BlackFideId "24647837"]
[EventCountry "GER"]
[EventRounds "11"]
[EventType "swiss"]
[EventDate "2008.05.10"]

1. e4 g6 2. d4 Bg7 3. Nf3 d6 4. Nc3 Nf6 5. h3 Nfd7 6. Be3 O-O 7. Qd2 c5 8.
O-O-O cxd4 9. Bxd4 Nc6 10. Bxg7 Kxg7 11. h4 h5 12. Nd4 Nde5 13. Be2 Qb6 14. Nd5
Qxd4 15. Qxd4 Nxd4 16. Rxd4 Nc6 17. Rd2 Bd7 18. Rhd1 Rac8 19. e5 e6 20. Nf6
Nxe5 21. Nxd7 Nxd7 22. Rxd6 Ne5 23. c3 Rc7 24. f4 Nc6 25. Bf3 Rfc8 26. Rd7 Kf8
27. Bxc6 bxc6 28. Rxc7 Rxc7 29. Rd8+ Ke7 30. Ra8 Kf6 31. Rd8 Kf5 32. g3 Ke4 33.
Kd2 Kf3 34. Rd3+ Kf2 35. c4 c5 36. a3 f6 37. Re3 Rb7 38. Rxe6 Rxb2+ 39. Kc3 Rb6
40. Rxb6 axb6 41. Kb3 Kxg3 42. Ka4 Kxh4 43. Kb5 Kg4 44. a4 h4 45. Kxb6 h3 46.
Kxc5 h2 47. Kb6 h1=Q 48. c5 Qb1+ 49. Ka6 Qb4 50. c6 Qxa4+ 51. Kb7 Qxc6+ 0-1

[Event "DEM U12/U12w 2008"]
[Site "Willingen GER"]
[Date "2008.05.15"]
[Round "8"]
[White "Gibicar, Danijel"]
[Black "Noe, Christopher"]
[Result "1/2-1/2"]
[Termination "normal"]
[Board "8"]
[WhiteElo "1662"]
[BlackElo "1877"]
[PlyCount "28"]
[WhiteFideId "24660256"]
[BlackFideId "24692018"]
[EventCountry "GER"]
[EventRounds "11"]
[EventType "swiss"]
[EventDate "2008.05.10"]

1. d4 Nf6 2. Nf3 d5 3. e3 e6 4. Bd3 Nbd7 5. Nbd2 c5 6. c3 Be7 7. O-O b6 8. Ne5
Bb7 9. f4 O-O 10. Qf3 Qc7 11. Qh3 Ne4 12. g4 cxd4 13. exd4 f5 14. Ndf3 Nxe5
1/2-1/2

[Event "DEM U12/U12w 2008"]
[Site "Willingen GER"]
[Date "2008.05.15"]
[Round "8"]
[White "Lebeda, Timo"]
[Black "Urban, Lars"]
[Result "1-0"]
[Termination "normal"]
[Board "9"]
[WhiteElo "1889"]
[BlackElo "1857"]
[PlyCount "69"]
[WhiteFideId "4638565"]
[BlackFideId "4644034"]
[EventCountry "GER"]
[EventRounds "11"]
[EventType "swiss"]
[EventDate "2008.05.10"]

1. c4 e6 2. Nf3 d5 3. g3 Nf6 4. Bg2 c6 5. Qc2 Nbd7 6. O-O Bd6 7. d4 O-O 8. Bg5
h6 9. Bd2 Re8 10. c5 Bc7 11. Nc3 e5 12. dxe5 Nxe5 13. Nxe5 Bxe5 14. e3 d4 15.
exd4 Bxd4 16. Rad1 Qc7 17. Bf4 Be5 18. Bxe5 Rxe5 19. b4 Bf5 20. Qd2 Ne4 21.
Nxe4 Bxe4 22. Qd7 Qxd7 23. Rxd7 Bxg2 24. Kxg2 b6 25. Rc1 Re2 26. a3 Rb2 27.
cxb6 axb6 28. Rxc6 Rxa3 29. Rxb6 Raa2 30. Rb8+ Kh7 31. Rxf7 Kg6 32. Rbb7 Kh5
33. h3 g5 34. Rf6 g4 35. Rb5# 1-0

[Event "DEM U12/U12w 2008"]
[Site "Willingen GER"]
[Date "2008.05.15"]
[Round "8"]
[White "Kreyssig, Robert"]
[Black "Niedermayer, Julian Andi"]
[Result "0-1"]
[Termination "normal"]
[Board "10"]
[WhiteElo "1775"]
[BlackElo "1739"]
[PlyCount "78"]
[WhiteFideId "4662881"]
[BlackFideId "24600792"]
[EventCountry "GER"]
[EventRounds "11"]
[EventType "swiss"]
[EventDate "2008.05.10"]

1. d4 d5 2. c4 e6 3. Nc3 Nf6 4. Bg5 Nbd7 5. e3 c6 6. cxd5 exd5 7. Bd3 Bd6 8.
Qc2 h6 9. Bh4 Nb6 10. Nge2 Bd7 11. O-O O-O 12. f3 Be7 13. e4 dxe4 14. fxe4 Nfd5
15. Bxe7 Nxe7 16. Rf2 Be6 17. Raf1 Qd7 18. Nd1 Bg4 19. Ndc3 Be6 20. h3 Bc4 21.
Bxc4 Nxc4 22. Rf3 Ng6 23. b3 Nb6 24. Kh1 Rae8 25. Qd3 Rd8 26. Qe3 Qe7 27. Qf2
Nd7 28. Ng3 Qe6 29. Nf5 Ne7 30. e5 Nxf5 31. Rxf5 f6 32. exf6 Rxf6 33. Rxf6 Qxf6
34. Qg1 Qg5 35. Qh2 Rf8 36. Re1 Qd2 37. Qg3 Qxd4 38. Re7 Rf1+ 39. Kh2 Qg1# 0-1

[Event "DEM U12/U12w 2008"]
[Site "Willingen GER"]
[Date "2008.05.15"]
[Round "8"]
[White "Carmesin, Matthias"]
[Black "Schnorr, Christian"]
[Result "1/2-1/2"]
[Termination "normal"]
[Board "11"]
[WhiteElo "1641"]
[BlackElo "1650"]
[PlyCount "91"]
[WhiteFideId "4635965"]
[EventCountry "GER"]
[EventRounds "11"]
[EventType "swiss"]
[EventDate "2008.05.10"]

1. e4 c5 2. Nf3 Nc6 3. d4 cxd4 4. Nxd4 e5 5. Nb5 d6 6. c4 Be7 7. g3 Be6 8. b3
a6 9. N5c3 Nf6 10. Bg2 O-O 11. O-O Rb8 12. Na3 Qd7 13. Nc2 b5 14. cxb5 axb5 15.
Ne3 Rfc8 16. Bb2 b4 17. Ncd5 Rb5 18. Qd3 Rcb8 19. Nxe7+ Nxe7 20. Rfd1 Rd8 21.
Nc4 Ne8 22. Bf1 Rbb8 23. Qe3 f6 24. Bg2 Qb7 25. Qe2 d5 26. exd5 Bxd5 27. Bxd5+
Nxd5 28. Qe4 Nec7 29. Rd2 Rd7 30. Rad1 Rbd8 31. Ne3 g6 32. h4 Kg7 33. g4 Rd6
34. g5 Qc8 35. Nxd5 Qd7 36. gxf6+ Kf7 37. Qxe5 Rxd5 38. Rxd5 Nxd5 39. Rxd5 Qg4+
40. Kf1 Qh3+ 41. Ke1 Re8 42. Qxe8+ Kxe8 43. Rd4 Qe6+ 44. Kd2 Qb6 45. Kd3 Qa6+
46. Kc2 1/2-1/2

[Event "DEM U12/U12w 2008"]
[Site "Willingen GER"]
[Date "2008.05.15"]
[Round "8"]
[White "Carow, Johannes"]
[Black "Müller, Nick"]
[Result "1-0"]
[Termination "normal"]
[Board "13"]
[WhiteElo "1668"]
[BlackElo "1571"]
[PlyCount "61"]
[WhiteFideId "24692050"]
[BlackFideId "24692093"]
[EventCountry "GER"]
[EventRounds "11"]
[EventType "swiss"]
[EventDate "2008.05.10"]

1. d4 d5 2. c4 e6 3. Nc3 Nf6 4. cxd5 exd5 5. Bg5 Be7 6. e3 c6 7. Qc2 Nbd7 8.
Bd3 h6 9. Bh4 b6 10. O-O-O Bb7 11. f3 Rc8 12. Nge2 O-O 13. g4 c5 14. Qd2 a6 15.
Rdf1 Ne8 16. Bf2 c4 17. Bb1 b5 18. Qc2 g6 19. Nf4 Ng7 20. Ncxd5 Bd6 21. e4 Ne6
22. e5 Bxd5 23. Nxd5 Be7 24. h4 b4 25. Qd2 Re8 26. Nxe7+ Qxe7 27. Qxh6 c3 28.
h5 cxb2+ 29. Kxb2 Nb6 30. hxg6 Na4+ 31. Ka1 1-0

[Event "DEM U12/U12w 2008"]
[Site "Willingen GER"]
[Date "2008.05.15"]
[Round "8"]
[White "Takeuchi, Eiki"]
[Black "Höpfner, Tim"]
[Result "1-0"]
[Termination "normal"]
[Board "15"]
[WhiteElo "1778"]
[BlackElo "1766"]
[PlyCount "73"]
[WhiteFideId "24663751"]
[BlackFideId "4638310"]
[EventCountry "GER"]
[EventRounds "11"]
[EventType "swiss"]
[EventDate "2008.05.10"]

1. e4 c5 2. Nc3 d6 3. f4 Nf6 4. Nf3 e6 5. d3 Nc6 6. g3 Be7 7. Bg2 O-O 8. O-O
Qb6 9. Kh1 Rd8 10. h3 d5 11. e5 Nd7 12. Ne2 f6 13. exf6 Bxf6 14. c3 e5 15. fxe5
Ndxe5 16. Nf4 d4 17. c4 Ne7 18. Nd2 N5g6 19. Nh5 Be5 20. Ne4 Nf5 21. Bg5 Re8
22. Qa4 Be6 23. Rf2 Qc7 24. Rf3 Rf8 25. Raf1 h6 26. Bd2 Nd6 27. Rxf8+ Rxf8 28.
Rxf8+ Kxf8 29. Qxa7 Bf5 30. Nxc5 Bc8 31. Ba5 Qf7 32. Qb6 Qf2 33. Qd8+ Ne8 34.
Qxc8 Nh4 35. gxh4 b6 36. Nd7+ Ke7 37. Nxe5 1-0

[Event "DEM U12/U12w 2008"]
[Site "Willingen GER"]
[Date "2008.05.15"]
[Round "8"]
[White "Moritz, Aron"]
[Black "Golosnyak, Alexander"]
[Result "0-1"]
[Termination "normal"]
[Board "16"]
[WhiteElo "1984"]
[BlackElo "1479"]
[PlyCount "68"]
[WhiteFideId "24672319"]
[BlackFideId "24659703"]
[EventCountry "GER"]
[EventRounds "11"]
[EventType "swiss"]
[EventDate "2008.05.10"]

1. e4 e5 2. Nf3 Nf6 3. Nxe5 d6 4. Nf3 Nxe4 5. Nc3 Nxc3 6. dxc3 Be7 7. Bf4 O-O
8. Qd2 Re8 9. O-O-O Nc6 10. Bd3 Bg5 11. Rhg1 Ne5 12. Nxe5 dxe5 13. Be3 e4 14.
Bc4 Qe7 15. g4 Be6 16. Qe2 Bxc4 17. Qxc4 Qe6 18. Qxe6 Rxe6 19. Rd7 Be7 20. Rgd1
Bd6 21. Bf4 Bxf4+ 22. Kb1 Bd6 23. c4 Kf8 24. c5 Ke8 25. cxd6 Kxd7 26. dxc7+
Kxc7 27. b3 Rd8 28. Re1 Rd2 29. Rf1 Rg6 30. h3 Rh6 31. Re1 Re6 32. Rf1 Re2 33.
h4 Rc6 34. c4 Ra6 0-1

[Event "DEM U12/U12w 2008"]
[Site "Willingen GER"]
[Date "2008.05.15"]
[Round "8"]
[White "Voggenreiter, Simon"]
[Black "Eigemann, Frederik"]
[Result "1-0"]
[Termination "normal"]
[Board "17"]
[WhiteElo "1746"]
[BlackElo "1685"]
[PlyCount "63"]
[WhiteFideId "24615501"]
[BlackFideId "24692034"]
[EventCountry "GER"]
[EventRounds "11"]
[EventType "swiss"]
[EventDate "2008.05.10"]

1. e4 e6 2. d4 d5 3. Nc3 Bb4 4. Nge2 dxe4 5. a3 Be7 6. Nxe4 Nf6 7. N2g3 O-O 8.
Bc4 Bd7 9. O-O Bc6 10. Re1 Nbd7 11. Nxf6+ Nxf6 12. c3 b6 13. Bd3 Bb7 14. Nh5 g6
15. Nxf6+ Bxf6 16. Bf4 Rc8 17. b4 c5 18. Be5 cxd4 19. cxd4 Re8 20. Bb5 Rf8 21.
Qa4 Qd5 22. f3 Bh4 23. Red1 Ra8 24. Bd3 f6 25. Be4 Bc6 26. Qxc6 Qxc6 27. Bxc6
Rac8 28. Bb7 fxe5 29. Bxc8 exd4 30. Bxe6+ Kh8 31. Rxd4 Bf6 32. Rad1 1-0

[Event "DEM U12/U12w 2008"]
[Site "Willingen GER"]
[Date "2008.05.15"]
[Round "8"]
[White "Abdelrazek, Ahmed"]
[Black "Groetzbach, Julian"]
[Result "1-0"]
[Termination "normal"]
[Board "18"]
[WhiteElo "1673"]
[BlackElo "1484"]
[PlyCount "47"]
[BlackFideId "24600938"]
[EventCountry "GER"]
[EventRounds "11"]
[EventType "swiss"]
[EventDate "2008.05.10"]

1. e4 c5 2. Nf3 d6 3. d4 cxd4 4. Nxd4 Nf6 5. Nc3 g6 6. f3 Bg7 7. Be3 O-O 8. Qd2
Nc6 9. g4 Bd7 10. O-O-O Rc8 11. h4 h5 12. gxh5 Nxh5 13. Be2 Ne5 14. f4 Nc4 15.
Bxc4 Rxc4 16. f5 Qa5 17. Rdg1 b5 18. Kb1 Rfc8 19. fxg6 fxg6 20. Rxg6 Rxc3 21.
bxc3 Be8 22. Nb3 Qa3 23. Qd5+ Kf8 24. Qf5+ 1-0

[Event "DEM U12/U12w 2008"]
[Site "Willingen GER"]
[Date "2008.05.15"]
[Round "8"]
[White "Große, Christian"]
[Black "Gubela, Hans-Erich Constantin"]
[Result "0-1"]
[Termination "normal"]
[Board "19"]
[WhiteElo "1885"]
[BlackElo "1460"]
[PlyCount "79"]
[WhiteFideId "24646156"]
[BlackFideId "24692140"]
[EventCountry "GER"]
[EventRounds "11"]
[EventType "swiss"]
[EventDate "2008.05.10"]

1. e4 c5 2. Nf3 a6 3. Nc3 d6 4. d4 cxd4 5. Nxd4 Nf6 6. Bd3 e6 7. a4 b6 8. O-O
Bb7 9. Nb3 Nbd7 10. f4 Qc7 11. Qe2 Be7 12. Bd2 O-O 13. Rae1 Rfd8 14. e5 Nd5 15.
Nd1 Nc5 16. Nxc5 dxc5 17. Nf2 Qd7 18. b3 Bc6 19. Rd1 b5 20. Ba5 Rdc8 21. Bd2
Qb7 22. f5 g6 23. Qg4 exf5 24. Bxf5 Rd8 25. Be4 Nc7 26. Bxc6 Qxc6 27. Ne4 Qe6
28. Qf3 Nd5 29. Rde1 Qb6 30. Qxf7+ Kh8 31. Bh6 Bf8 32. Ng5 Qc7 33. Qxc7 Nxc7
34. Nf7+ Kg8 35. Nxd8 Bxh6 36. Nb7 Bd2 37. Rd1 Bc3 38. Rd8+ Rxd8 39. Nxd8 Bxe5
40. Nc6 0-1

[Event "DEM U12/U12w 2008"]
[Site "Willingen GER"]
[Date "2008.05.15"]
[Round "8"]
[White "Holle, Cedric"]
[Black "Neef, Maximilian"]
[Result "1-0"]
[Termination "normal"]
[Board "20"]
[WhiteElo "1455"]
[BlackElo "1580"]
[PlyCount "129"]
[WhiteFideId "24692158"]
[BlackFideId "24692085"]
[EventCountry "GER"]
[EventRounds "11"]
[EventType "swiss"]
[EventDate "2008.05.10"]

1. e4 e6 2. d4 d5 3. e5 c5 4. c3 Nc6 5. Nf3 Qb6 6. Be2 cxd4 7. cxd4 Nge7 8. Nc3
Nf5 9. Na4 Bb4+ 10. Bd2 Qa5 11. Bc3 O-O 12. Bd3 f6 13. O-O fxe5 14. dxe5 Bd7
15. Re1 Nxe5 16. Bxb4 Nxf3+ 17. gxf3 Qxb4 18. Bxf5 Rxf5 19. b3 Rg5+ 20. Kh1 Qf4
21. Rg1 Rh5 22. Rg3 Qh4 23. Rg2 Rf8 24. Nc5 Bc8 25. Qe2 e5 26. Rag1 Rf7 27. Qb5
Qe7 28. Nd3 d4 29. f4 a6 30. Qd5 Be6 31. Qe4 exf4 32. Nxf4 Rh4 33. Qxe6 Qxe6
34. Nxe6 g6 35. Rd1 Re7 36. Nc5 Rf4 37. Nd3 Rfe4 38. Rd2 Kf7 39. f4 h6 40. Rgf2
Kf6 41. Kg2 Kf5 42. Ne5 Re6 43. Kg3 Re3+ 44. Rf3 Re4 45. h4 g5 46. hxg5 hxg5
47. Nd3 gxf4+ 48. Nxf4 Rc6 49. Nd3+ Ke6 50. Nb4 Rd6 51. Rfd3 Ke5 52. Kf2 Rf6+
53. Rf3 Rh6 54. Kg2 Rg6+ 55. Rg3 Rf6 56. Rg7 Rb6 57. Re7+ Kf4 58. Rf2+ Ke3 59.
Rf3+ Kd2 60. Rd3+ Kc1 61. Rxe4 Rxb4 62. Re2 a5 63. Rf3 Kd1 64. Kf2 a4 65. Rh3
1-0

[Event "DEM U12/U12w 2008"]
[Site "Willingen GER"]
[Date "2008.05.15"]
[Round "8"]
[White "Zimmermann, Christian"]
[Black "Schreiber, Kevin"]
[Result "0-1"]
[Termination "normal"]
[Board "21"]
[WhiteElo "1645"]
[BlackElo "1442"]
[PlyCount "72"]
[WhiteFideId "24692069"]
[BlackFideId "24655830"]
[EventCountry "GER"]
[EventRounds "11"]
[EventType "swiss"]
[EventDate "2008.05.10"]

1. e4 d5 2. exd5 Qxd5 3. Nc3 Qe5+ 4. Be2 c6 5. Nf3 Qc7 6. d4 Nf6 7. O-O Bf5 8.
Ne5 e6 9. Bf4 Bd6 10. Qd2 O-O 11. Rfe1 Nbd7 12. Nd3 Bxf4 13. Nxf4 Bxc2 14. Nxe6
fxe6 15. Qxc2 e5 16. dxe5 Nxe5 17. Rad1 Qb6 18. h3 Rad8 19. Na4 Qc7 20. Nc5 Rf7
21. Ne6 Rxd1 22. Rxd1 Qe7 23. Rd8+ Ne8 24. Qb3 Kh8 25. Rc8 Rf6 26. Nc7 Rf8 27.
Rxe8 Rxe8 28. Nxe8 Qxe8 29. Qxb7 h6 30. Qxa7 Ng6 31. Qe3 Qb8 32. Qc3 Qd6 33.
Bf3 Nf4 34. Qxc6 Ne2+ 35. Kh1 Qd1+ 36. Kh2 Qg1# 0-1

[Event "DEM U12/U12w 2008"]
[Site "Willingen GER"]
[Date "2008.05.15"]
[Round "8"]
[White "Töws, Manuel"]
[Black "Knopf, Felix"]
[Result "1/2-1/2"]
[Termination "normal"]
[Board "23"]
[WhiteElo "1617"]
[BlackElo "1412"]
[PlyCount "82"]
[WhiteFideId "24654485"]
[BlackFideId "24692204"]
[EventCountry "GER"]
[EventRounds "11"]
[EventType "swiss"]
[EventDate "2008.05.10"]

1. d4 d5 2. c4 e6 3. Nc3 Nf6 4. Nf3 Be7 5. e3 c6 6. Bd3 dxc4 7. Bxc4 b5 8. Bd3
Nbd7 9. O-O a6 10. a4 Bb7 11. Bd2 O-O 12. e4 b4 13. Ne2 a5 14. Qc2 h6 15. Bf4
c5 16. Rfd1 Rc8 17. e5 Nd5 18. Be4 cxd4 19. Qb1 Nxf4 20. Nxf4 Bxe4 21. Qxe4 Nc5
22. Qc2 d3 23. Nxd3 Nxd3 24. Qxd3 Qxd3 25. Rxd3 Rc2 26. b3 Rfc8 27. g3 Bc5 28.
Rf1 Rc3 29. Rfd1 Bf8 30. Kf1 g5 31. h3 Bg7 32. Ke2 R8c5 33. Rxc3 Rxc3 34. Rd3
Rc5 35. Re3 Kh7 36. g4 Kg6 37. Kd2 h5 38. Ke2 h4 39. Kd2 Kh6 40. Ke2 Kg6 41.
Kd2 Kh6 1/2-1/2

[Event "DEM U12/U12w 2008"]
[Site "Willingen GER"]
[Date "2008.05.15"]
[Round "8"]
[White "Berger, Nadja"]
[Black "Schoepe, Tobias"]
[Result "1-0"]
[Termination "normal"]
[Board "24"]
[WhiteElo "1380"]
[BlackElo "1550"]
[PlyCount "41"]
[WhiteFideId "24692212"]
[BlackFideId "24692107"]
[EventCountry "GER"]
[EventRounds "11"]
[EventType "swiss"]
[EventDate "2008.05.10"]

1. e4 e5 2. Nf3 Nc6 3. Bc4 Bc5 4. O-O d6 5. c3 Bg4 6. h3 Bh5 7. d3 h6 8. Nbd2
Nf6 9. Re1 O-O 10. Nf1 Re8 11. Ng3 Bg6 12. a4 a6 13. b4 Ba7 14. Qb3 Qd7 15. Nh4
Bh7 16. Nhf5 Bxf5 17. Nxf5 Rf8 18. Qd1 Kh7 19. Qf3 Ng8 20. Qg4 f6 21. Be6 1-0

[Event "DEM U12/U12w 2008"]
[Site "Willingen GER"]
[Date "2008.05.15"]
[Round "8"]
[White "Müller, Alexandra"]
[Black "Aslan, Dersim"]
[Result "1/2-1/2"]
[Termination "normal"]
[Board "25"]
[WhiteElo "1532"]
[BlackElo "1319"]
[PlyCount "91"]
[WhiteFideId "24691496"]
[BlackFideId "24692271"]
[EventCountry "GER"]
[EventRounds "11"]
[EventType "swiss"]
[EventDate "2008.05.10"]

1. e4 e6 2. d4 d5 3. Nd2 Nf6 4. Bd3 c5 5. exd5 Nxd5 6. dxc5 Bxc5 7. Nb3 Bb6 8.
Ne2 Nc6 9. O-O Qd6 10. Be4 Bc7 11. g3 Nf6 12. Qxd6 Bxd6 13. Bxc6+ bxc6 14. Rd1
Be7 15. Bf4 Nd5 16. Bd2 Rb8 17. Rab1 O-O 18. Ned4 Bd7 19. Nf3 Rfd8 20. Ne5 Be8
21. Nd4 Rdc8 22. b3 c5 23. Ne2 f6 24. Nf3 Bh5 25. Kg2 e5 26. h3 Bg6 27. Ne1 Nb4
28. Rb2 Rd8 29. Nc3 Rd7 30. Be3 Rbd8 31. Rxd7 Rxd7 32. Nf3 Nxc2 33. Bd2 Nd4 34.
Ne1 Nc6 35. Be3 Rc7 36. Nd5 Rc8 37. Nxe7+ Nxe7 38. Rd2 Nf5 39. Rd7 Nxe3+ 40.
fxe3 c4 41. bxc4 Rxc4 42. Rxa7 Rc1 43. Kf2 Ra1 44. g4 Be8 45. Nd3 Rh1 46. Kg3
1/2-1/2

[Event "DEM U12/U12w 2008"]
[Site "Willingen GER"]
[Date "2008.05.15"]
[Round "8"]
[White "Schmalhorst, Sophia"]
[Black "Schuhmacher, Jakob"]
[Result "1/2-1/2"]
[Termination "normal"]
[Board "26"]
[WhiteElo "1317"]
[BlackElo "1657"]
[PlyCount "88"]
[WhiteFideId "24682497"]
[BlackFideId "4612787"]
[EventCountry "GER"]
[EventRounds "11"]
[EventType "swiss"]
[EventDate "2008.05.10"]

1. e4 c5 2. Nf3 Nc6 3. d4 cxd4 4. Nxd4 e6 5. Nc3 Bb4 6. Nde2 Nf6 7. f3 O-O 8.
Bg5 h6 9. Bxf6 Qxf6 10. Qd3 b6 11. O-O-O Ne5 12. Qd2 a5 13. a3 Bc5 14. Na4 Nc4
15. Qc3 Qxc3 16. Nexc3 Ne3 17. Re1 Nxf1 18. Nxc5 Nxh2 19. Nxe6 Nxf3 20. Nxf8
Nxe1 21. Nxd7 Bxd7 22. Rxe1 Re8 23. Kd2 b5 24. Nd5 Bc6 25. Nc3 b4 26. axb4 axb4
27. Na2 Rxe4 28. Rxe4 Bxe4 29. g3 b3 30. cxb3 g5 31. Nc3 Bb7 32. Ke3 h5 33. Ne4
h4 34. gxh4 gxh4 35. Nf2 Bg2 36. Kf4 Bd5 37. b4 Be6 38. b5 Bd7 39. b6 Kg7 40.
Kg5 h3 41. Nxh3 f6+ 42. Kf4 Kf7 43. Nf2 Ke6 44. Ne4 Kd5 1/2-1/2

[Event "DEM U12/U12w 2008"]
[Site "Willingen GER"]
[Date "2008.05.15"]
[Round "8"]
[White "Kuckling, Hannah"]
[Black "Weber, Daniel"]
[Result "1/2-1/2"]
[Termination "normal"]
[Board "27"]
[WhiteElo "1531"]
[BlackElo "1300"]
[PlyCount "103"]
[WhiteFideId "24603660"]
[BlackFideId "24615498"]
[EventCountry "GER"]
[EventRounds "11"]
[EventType "swiss"]
[EventDate "2008.05.10"]

1. e4 e6 2. d4 d5 3. Nd2 dxe4 4. Nxe4 Bd7 5. Nf3 Bc6 6. Bd3 Nd7 7. O-O Ngf6 8.
Bg5 Be7 9. Nxf6+ Nxf6 10. c3 h6 11. Bh4 O-O 12. Bc2 Re8 13. Re1 b6 14. Ne5 Bb7
15. Ba4 Rf8 16. Bxf6 Bxf6 17. Nd7 Bh4 18. Nxf8 Qf6 19. Qc2 Rxf8 20. Bb5 Rc8 21.
Rad1 g6 22. Bf1 c5 23. Qd2 Bg5 24. Qd3 Bh4 25. Qe3 Bg5 26. Qe5 Qxe5 27. dxe5
Bd5 28. c4 Bc6 29. b3 Be7 30. Bd3 Kg7 31. Be4 Be8 32. f4 h5 33. g3 Rb8 34. Bd3
Rc8 35. h3 Bc6 36. Be4 Be8 37. g4 hxg4 38. hxg4 Rc7 39. Kf2 Bh4+ 40. Ke2 Bxe1
41. Kxe1 Rd7 42. Rxd7 Bxd7 43. g5 Kf8 44. Kd2 Ke7 45. Kc3 a5 46. a3 Kd8 47. b4
Kc7 48. bxc5 bxc5 49. Kd3 a4 50. Ke3 Kb6 51. Bd3 Kc7 52. Be4 1/2-1/2